Personas por Signo Zodiacal: Tauro - Estadísticas

Estadísticas generales
  • Esta prueba ha sido intentada 38 veces
  • La puntuación promedio es 10 de 16
Estadísticas de respuestas
Imagen Hint Respuesta % Correcto
Dictador Adolf Hitler
100%
Reina Isabel II de Reino Unido
94%
Reina Isabel I de Castilla
91%
Pintor Salvador Dalí
82%
Cantante Adele
79%
Exfutbolista David Beckham
79%
Actor Dwayne Johnson
79%
Actriz Penélope Cruz
76%
Papa Juan Pablo II
74%
Cantante Cher
59%
Actor Robert Pattinson
59%
Neurólogo Sigmund Freud
56%
Cantante Prince Royce
44%
Dictador Saddam Hussein
35%
Cantante Mon Laferte
21%
Poetisa Alejandra Pizarnik
9%
No se encontraron pruebas coincidentes
Distribución de puntuación
Porcentaje de gente con cada puntuación
Porcentaje por número respondido
Historial de tus puntuaciones
No has intentado esta prueba.